UM Logo

Creating quality : (Record no. 7867)

MARC details
000 -LEADER
fixed length control field 00962nam a2200193 4500
008 - FIXED-LENGTH DATA ELEMENTS--GENERAL INFORMATION
fixed length control field 171204b xxu||||| |||| 00| 0 eng d
020 ## - INTERNATIONAL STANDARD BOOK NUMBER
International Standard Book Number 0070352178
082 ## - DEWEY DECIMAL CLASSIFICATION NUMBER
Edition number 1995
Classification number DC 658.262
Item number K83
100 ## - MAIN ENTRY--PERSONAL NAME
9 (RLIN) 23949
Personal name Kolarik, William J.,author.
245 ## - TITLE STATEMENT
Title Creating quality :
Remainder of title concepts, systems, strategies, and tools /
Statement of responsibility, etc. William J. Kolarik.
260 ## - PUBLICATION, DISTRIBUTION, ETC. (IMPRINT)
Place of publication, distribution, etc. New York :
Name of publisher, distributor, etc. McGraw-Hill,
Date of publication, distribution, etc. ©1995.
300 ## - PHYSICAL DESCRIPTION
Extent xxvii, 925 pages :
Other physical details illustrations ;
Dimensions 24 cm.
440 ## - SERIES STATEMENT/ADDED ENTRY--TITLE
9 (RLIN) 23950
Title McGraw-Hill series in industrial engineering and management science.
500 ## - GENERAL NOTE
General note Includes bibliographical references and indexes.
505 ## - FORMATTED CONTENTS NOTE
Formatted contents note This text on quality control emphasizes the pre-process level design and analysis activity, covering the full range of diagnostic and experimental tools and including fundamentals of probability and statistics, TQM and Quality Function Deployment.
650 #0 - SUBJECT ADDED ENTRY--TOPICAL TERM
9 (RLIN) 23952
Topical term or geographic name as entry element Quality control.
650 #0 - SUBJECT ADDED ENTRY--TOPICAL TERM
9 (RLIN) 23954
Topical term or geographic name as entry element System analysis.
942 ## - ADDED ENTRY ELEMENTS (KOHA)
Source of classification or shelving scheme Dewey Decimal Classification
Koha item type Circulation
Holdings
Withdrawn status Lost status Source of classification or shelving scheme Damaged status Not for loan Collection code Home library Current library Date acquired Source of acquisition Total Checkouts Full call number Barcode Date last seen Copy number Price effective from Koha item type
    Dewey Decimal Classification     Circulation UM Digos College - LIC UM Digos College - LIC   Purchased   DC 658.262 K83 1995 14067 05/15/2025 1 12/04/2017 Circulation